Statistics for Richest to Poorest - Eastern Europe

Click here to take the quiz!

General Stats

  • This quiz has been taken 83 times
    (76 since last reset)
  • The average score is 19 of 21

Answer Stats

USDCountryHint% Correct
$46.400EstoniaE
99%
$44.900LithuaniaL
99%
$37.300LatviaL
97%
$48.500SloveniaS
96%
$47.600Czech RepublicC
94%
$40.900HungaryH
94%
$28.500BulgariaB
93%
$41.600PolandP
93%
$36.600RomaniaR
93%
$30.300RussiaR
93%
$38.600SlovakiaS
93%
$17.300AlbaniaA
91%
$14.300KosovoK
91%
$24.800MontenegroM
91%
$13.200UkraineU
91%
$21.600BelarusB
90%
$36.200CroatiaC
90%
$16.800MoldovaM
88%
$23.900SerbiaS
88%
$17.400Bosnia and HerzegovinaB
87%
$19.700North MacedoniaN
84%

Score Distribution

Percentile by Number Answered

Percent of People with Each Score

Your Score History

You have not taken this quiz since the last reset